000 00751nam a2200241 4500
001 46036
010 _a9789895523757
021 _b278893/08
090 _a46036
100 _a20250324d2008 m y0pory50030103ba
101 1 _apor
102 _aPT
200 1 _aO estranho caso do Dr. Jekyll e do Sr. Hyde
_fRobert Louis Stevenson
_gtrad. Fernando Dias Antunes
205 _a1.ª ed.
210 9 _aVila Nova de Famalicão
_cQuasi,
_d2008
215 _a102, [2] p.
_d19 cm
304 _aTít. orig.: The strange case of Dr. Jekyll and Mr. Hyde
317 _aBiblioteca Matilde Rosa Araújo
675 _a821.111-32"18"
_vBN
_zpor
700 1 _aStevenson,
_bRobert Louis,
_f1850-1894
702 1 _aAntunes,
_bFernando Dias
_4730
801 0 _aPT
_bBN
_gRPC
990 _cLIVROS